Find The Mystery City Using Color Clues - Statistics

General Stats
  • This quiz has been taken 76,305 times
  • The average score is 30 of 200
Answers on the Map
Answers color-coded by a green-red scale on the quiz's map according to % correct below.
 
Answer Stats
City % Correct
London
81%
Paris
74%
Berlin
62%
Moscow
58%
Madrid
53%
Rome
52%
New York
45%
Istanbul
38%
Beijing
32%
Barcelona
30%
Cairo
30%
Athens
28%
Tokyo
27%
Kyiv
26%
Milan
26%
Saint Petersburg
26%
Frankfurt
23%
Hamburg
23%
Los Angeles
23%
Manchester
23%
Ankara
22%
New Delhi
22%
Tehran
22%
Cologne / Dusseldorf
20%
Mexico City
20%
Washington
19%
Birmingham
18%
Lagos
18%
Rio de Janeiro
18%
Shanghai
18%
Chicago
17%
Mumbai
16%
Riyadh
16%
Rotterdam
16%
Sydney
16%
Toronto
16%
Baghdad
15%
Boston
15%
São Paulo
15%
Brasília
14%
Buenos Aires
14%
Cape Town
14%
Damascus
14%
Dubai
14%
Jakarta
14%
Johannesburg
14%
Kinshasa
14%
Miami
14%
Seattle
14%
Tel Aviv
14%
Alexandria
13%
Algiers
13%
Amman
13%
Bangkok
13%
Casablanca
13%
Dallas
13%
Detroit
13%
Guangzhou
13%
Hong Kong
13%
Houston
13%
Izmir
13%
Lima
13%
Manila
13%
Melbourne
13%
Montreal
13%
Philadelphia
13%
San Francisco
13%
Seoul
13%
Singapore
13%
Vancouver
13%
Abuja
12%
Accra
12%
Addis Ababa
12%
Atlanta
12%
Bogotá
12%
Brisbane
12%
Chennai
12%
Cleveland
12%
Dakar
12%
Denver
12%
Dhaka
12%
Hanoi
12%
Jeddah
12%
Kabul
12%
Karachi
12%
Khartoum
12%
Kolkata
12%
Kuala Lumpur
12%
Lahore
12%
Luanda
12%
Nairobi
12%
Osaka
12%
San Diego
12%
Santiago
12%
Taipei
12%
The Ruhr
12%
Wuhan
12%
Abidjan
11%
Ahmedabad
11%
Bamako
11%
Bandung
11%
Bangalore
11%
Belo Horizonte
11%
Bhilai
11%
Busan
11%
Cali
11%
Campinas
11%
Caracas
11%
Cebu
11%
Changchun
11%
Changsha
11%
Changzhou
11%
Chengdu
11%
Chittagong
11%
Chongqing
11%
Cincinnati
11%
Colombo
11%
Curitiba
11%
Daegu
11%
Dalian
11%
Dar es Salaam
11%
Douala
11%
Durban
11%
Faisalabad
11%
Fortaleza
11%
Fukuoka
11%
Fuzhou
11%
Guadalajara
11%
Guatemala City
11%
Guayaquil
11%
Guiyang
11%
Gujranwala
11%
Hangzhou
11%
Harbin
11%
Hefei
11%
Ho Chi Minh City
11%
Huizhou
11%
Hyderabad
11%
Ibadan
11%
Indore
11%
Isfahan
11%
Jaipur
11%
Jinan
11%
Kampala
11%
Kano
11%
Kanpur
11%
Kaohsiung
11%
Kathmandu
11%
Kumasi
11%
Kunming
11%
Kuwait City
11%
Lanzhou
11%
Lucknow
11%
Maputo
11%
Mashhad
11%
Medan
11%
Medellín
11%
Minneapolis
11%
Monterrey
11%
Nagoya
11%
Nagpur
11%
Nanchang
11%
Nanjing
11%
Nanning
11%
Naples
11%
Ningbo
11%
Orlando
11%
Phoenix
11%
Port-au-Prince
11%
Porto Alegre
11%
Puebla
11%
Pune
11%
Pyongyang
11%
Qingdao
11%
Quito
11%
Rawalpindi
11%
Recife
11%
Salvador
11%
Sana'a
11%
Santo Domingo
11%
Shantou
11%
Shenyang
11%
Shijiazhuang
11%
Surabaya
11%
Surat
11%
Taiyuan
11%
Tampa
11%
Tangshan
11%
Tashkent
11%
Tianjin
11%
Ürümqi
11%
Wenzhou
11%
Wuxi
11%
Xiamen
11%
Xi'an
11%
Xuzhou
11%
Yangon
11%
Yaoundé
11%
Zhengzhou
11%
Zibo
11%
No matching quizzes found
Score Distribution
Percent of People with Each Score
Percentile by Number Answered
Your Score History
You have not taken this quiz